| 000 | 00765nam a22001937a 4500 | ||
|---|---|---|---|
| 003 | 0 | ||
| 005 | 20250219162658.0 | ||
| 008 | 250219b xxu||||| |||| 00| 0 eng d | ||
| 050 |
_aHF 5548.32 _b.D66 2023 |
||
| 100 | _aDoria, Monel Ysabelle C. | ||
| 245 |
_aThe impact of e-wallet payments on the operational risks of selected small enterprises in the wholesale and retail trade industry in las pinas city. _cMonel Ysabelle C. Doria |
||
| 260 |
_aLas Pinas City _bSouthville International School and Colleges _c2023 |
||
| 300 |
_ax, 95 pages; _c28cm. |
||
| 500 | _aBachelor of Science in Accountancy | ||
| 504 | _aIncludes bibliographical references and appendices. | ||
| 650 | _aElectronic funds transfers. | ||
| 650 | _aE-wallet payments. | ||
| 942 |
_2lcc _cTH |
||
| 999 |
_c367254 _d367254 |
||